000 00690nam a22002897a 4500
001 BR9805133
003 BR-BrBNA
005 20230928100129.0
007 ta
008 230509b bl.||||| |||| 00| 0 por d
040 _aBR-BrBNA
_bpor
_cBiblioteca Nacional de Agricultura
041 _a(Por)
072 _aL73; L70
_b5212
_b4110
090 _ 5212 BR9805133
100 1 _aMenz, I.
100 1 _aMihailov, S.
245 1 _aBotulismo: doenca da vaca caida
260 3 _a[np]:
_c[nd].
300 _a16 p.
500 _a14 illus.
650 _aVaca
650 _aBotulismo
650 _aDiagnostico
650 _aVacina
909 _a202309
_bLucia
_c55
_dLucia Elande
942 _cBK
999 _c60456
_d60456